Countries with 30+ billionaires - Sudden Death - Statistics

General Stats
  • This quiz has been taken 350 times
  • The average score is 3 of 10
Answers on the Grid
Answers color-coded by a green-red scale on the quiz's grid according to % correct below.
Brazil
France
India
Indonesia
Italy
Malaysia
Mexico
Netherlands
New Zealand
Norway
Singapore
South Africa
South Korea
Spain
Sweden
Switzerland
Taiwan
Thailand
Turkey
United Arab Emirates
 
Answer Stats
Answer % Correct
India
47%
France
43%
Switzerland
42%
Singapore
39%
South Korea
33%
Brazil
26%
Italy
19%
Taiwan
18%
Sweden
12%
Indonesia
9%
No matching quizzes found
Score Distribution
Percent of People with Each Score
Percentile by Number Answered
Your Score History
You have not taken this quiz